[Event "Bogota Bonita op"]
[Site "Bogota"]
[Date "2019.09.26"]
[Round "1"]
[White "Gomez, Javier"]
[Black "Ledezma Villamizar, Gabriel Enrique"]
[Result "0-1"]
[WhiteElo "1600"]
[BlackElo "2016"]
[PlyCount "50"]
[EventDate "2019.09.26"]
[EventType "swiss"]
[EventRounds "7"]
[EventCountry "COL"]
[SourceTitle "EXT 2020"]
[Source "ChessBase"]
[SourceDate "2019.10.17"]
[SourceVersion "1"]
[SourceVersionDate "2019.10.17"]
[SourceQuality "1"]

1. c4 Nf6 2. Nc3 g6 3. g3 Bg7 4. Bg2 0-0 5. e3 c6 6. Nge2 d5 7. cxd5 cxd5 8. Qb3 e6 9. h4 Nc6 10. d4 Bd7 11. Nf4 h6 12. Qd1 Rc8 13. g4 Nxg4 14. Qxg4 e5 15. Qg3 exf4 16. Qxf4 Nb4 17. 0-0 Bf5 18. Bd2 Nd3 19. Qf3 Nxb2 20. Qxd5 Nc4 21. Bc1 Nxe3 22. fxe3 Rxc3 23. Qxb7 Bxd4 24. Rd1 Rxe3 25. Bb2 Re1+ 0-1